Catálogo
 En Linea

Mecanografía actualizada : (Registro nro. 26284)

Detalles MARC
000 -CABECERA
campo de control de longitud fija 00576nam a2200157 a 4500
001 - NÚMERO DE CONTROL
campo de control 000026792
005 - FECHA Y HORA DE LA ÚLTIMA TRANSACCIÓN
campo de control 20200930030420.0
008 - DATOS DE LONGITUD FIJA--INFORMACIÓN GENERAL
campo de control de longitud fija 110325s2000 dr ac 000 0 spa d
040 ## - FUENTE DE LA CATALOGACIÓN
Centro catalogador/agencia de origen DO-SdBNP
Lengua de catalogación spa
Centro/agencia transcriptor BNPHU
082 ## - NÚMERO DE LA CLASIFICACIÓN DECIMAL DEWEY
Número de clasificación xxx
Número de documento/Ítem R514m
100 1# - ENTRADA PRINCIPAL--NOMBRE DE PERSONA
Nombre de persona Richards Trinidad, Faustino
9 (RLIN) 53904
245 10 - MENCIÓN DE TÍTULO
Título Mecanografía actualizada :
Resto del título teoría y análisis /
Mención de responsabilidad, etc. Faustino Richards Trinidad.
260 ## - PUBLICACIÓN, DISTRIBUCIÓN, ETC.
Lugar de publicación, distribución, etc. Santo Domingo :
Nombre del editor, distribuidor, etc. Artes Garáficas de la editora Universitaria,
Fecha de publicación, distribución, etc. 2000.
300 ## - DESCRIPCIÓN FÍSICA
Extensión 188 p. :
Otras características físicas il., retr. ;
Dimensiones 29 cm.
500 ## - NOTA GENERAL
Nota general Incluye datos biográficos del autor en la contraportada
Existencias
Estado de retiro Estado de pérdida No para préstamo Código de colección Localización permanente Ubicación/localización actual Ubicación en estantería Fecha de adquisición Número de inventario Total de préstamos Signatura topográfica completa Código de barras Fecha visto por última vez Precio válido a partir de Tipo de ítem Koha Número de copia
    Excluido de préstamo Patrimonio Dominicano Patrimonio Dominicano Patrimonio Dominicano En catalogación 25.03.2011 LF1   xxx R514m 26792-10 25.06.2020 25.06.2020 Libro y Folleto Colección Patrimonio Dominicano  
    Excluido de préstamo Patrimonio Dominicano Patrimonio Dominicano Patrimonio Dominicano En catalogación 08.04.2011 LF1   xxx R514m 26792-20 25.06.2020 25.06.2020 Libro y Folleto Colección Patrimonio Dominicano e. 2

Con tecnología Koha